Normal view
MARC view
Entry Topical Term
001 - CONTROL NUMBER
- control field: 14008
003 - CONTROL NUMBER IDENTIFIER
- control field: BD-RjUL
005 - DATE AND TIME OF LATEST TRANSACTION
- control field: 20241030154617.0
008 - FIXED-LENGTH DATA ELEMENTS
- fixed length control field: 241030|| aca||aabn | a|a d
040 ## - CATALOGING SOURCE
- Original cataloging agency: BD-RjUL
- Transcribing agency: BD-RjUL
150 ## - HEADING--TOPICAL TERM
- Topical term or geographic name entry element: Social responsibility of business
- Form subdivision: Banking companies
670 ## - SOURCE DATA FOUND
- Source citation: Work cat.: (BD-RjUL)84197: Hossain, Md. Sumon 14007, Corporate social responsibility disclosure by banking companies in Bangladesh / , 2019